La (no) planificación en la Argentina de los '90 y los 2000 (Registro nro. 32326)
[ vista simple ]
| 000 -LEADER | |
|---|---|
| fixed length control field | 00348 a2200109 4500 |
| 001 - CONTROL NUMBER | |
| control field | ART_47242 |
| 005 - DATE AND TIME OF LATEST TRANSACTION | |
| control field | 20260410162012.0 |
| 008 - FIXED-LENGTH DATA ELEMENTS--GENERAL INFORMATION | |
| fixed length control field | 260409a |
| 100 1# - MAIN ENTRY--PERSONAL NAME | |
| Personal name | Müller, Alberto E.G. |
| 245 10 - TITLE STATEMENT | |
| Title | La (no) planificación en la Argentina de los '90 y los 2000 |
| 773 0# - HOST ITEM ENTRY | |
| Title | Realidad económica |
| Related parts | - Nº 260 (mayo/jun. 2011) |
| Record control number | REV39723 |
No hay ítems disponibles.